000 00601cab a2200217 4500
001 X2771
008 090401t1995 xxu||||| |||| 00| 0 eng d
035 _a(Sirsi) u26165
041 _aeng
245 _aCPD on tape
260 _c1995
350 _a0
490 _aCSM (Chartered Surveyor Monthly)
_v5(1) September 1995, 6(1)
520 _aAnnounces the Owlion audio tape service: "Quarterly audio property update".
650 _aCPD
650 _aOWLION
650 _aPROPERTY UPDATE
690 _aMANAGEMENT-BUSINESS MANAGEMENT-PROFESSIONAL PRACTICE
942 _n0
948 _c04/03/1997
999 _c17563
_d17563